000 01209nam a2200229Ia 4500
003 Ost
005 20260507074926.0
008 260507s9999||||xx |||||||||||||| ||und||
040 _cfsecg
041 _aara
082 _a382
100 _aالصوص، نداء محمد
_eمؤلف
245 0 _aالتجارة الخارجية /
_c نداء محمد الصوص
250 _aطبعة 1
260 _aعمان:
_bمكتبة المجتمع العربي,
_c2008
300 _a165 صفحة؛
490 _aسلسلة الوجيز في العلوم الادارية
_v6
520 _aالتجارة الخارجية، نظريات التجارة الخارجية، الأساليب النظرية الحديثة في التجارة الدولية، السياسات التجارية الدولية، السياسات التجارية في حالة الدولة الكبيرة ومظاهر فشل السوق، مزايا وعيوب الحماية التجارية، الاتفاقية العامة للتجارة والتعرفة الجمركية، قطاع التجارة الخارجية في الاردن
653 _aالأسواق
653 _aالتجارة الخارجية
942 _cكتاب
999 _c41830
_d41830